Radio frequency electrical measurements / (Record no. 183449)

000 -LEADER
fixed length control field 00880 a2200181 4500
003 - CONTROL NUMBER IDENTIFIER
control field Nust
005 - DATE AND TIME OF LATEST TRANSACTION
control field 20221222120728.0
040 ## - CATALOGING SOURCE
Transcribing agency Nust
082 ## - DEWEY DECIMAL CLASSIFICATION NUMBER
Classification number 621.38418,BRO
100 ## - MAIN ENTRY--PERSONAL NAME
Personal name Brown, Hugh
9 (RLIN) 105641
245 ## - TITLE STATEMENT
Title Radio frequency electrical measurements /
Statement of responsibility, etc. Hugh A. Brown.
250 ## - EDITION STATEMENT
Edition statement 2nd ed.
260 ## - PUBLICATION, DISTRIBUTION, ETC.
Place of publication, distribution, etc. London
Name of publisher, distributor, etc. Graw Hill
Date of publication, distribution, etc. 1938
300 ## - PHYSICAL DESCRIPTION
Extent xi, 386 p.
Other physical details illus., diagrs. 24 cm.
505 ## - FORMATTED CONTENTS NOTE
Formatted contents note Measurements of Circuit Constants (Page-1), Measurement of Frequency (Page-93), Antenna Measurements (Page-136), Electromagnetic Wave Measurements (Page-179), Measurement of Electron Tube Coefficients and Amplifier Performance (Page-223), Electromotive Force Current Power (Page-264), Measurement of Wave Form (Page-324), Modulation Receiver and Piezo Electric Crystal Measurements (Page-340).
650 ## - SUBJECT ADDED ENTRY--TOPICAL TERM
Topical term or geographic name entry element Radio frequency electrical measurements,
9 (RLIN) 105642
942 ## - ADDED ENTRY ELEMENTS (KOHA)
Source of classification or shelving scheme
Koha item type Book
Holdings
Withdrawn status Lost status Source of classification or shelving scheme Damaged status Not for loan Permanent Location Current Location Shelving location Date acquired Full call number Barcode Date last seen Price effective from Koha item type Public note
          Military College of Signals (MCS) Military College of Signals (MCS) General Stacks 12/12/2016 621.38418,BRO MCS21274 12/08/2016 12/12/2016 Book Almirah No.39, Shelf No.1
          Military College of Signals (MCS) Military College of Signals (MCS) General Stacks 12/12/2016 621.384152,BRO MCS6417 12/08/2016 12/12/2016 Book Almirah No.84, Shelf No.3
          Military College of Signals (MCS) Military College of Signals (MCS) General Stacks 12/12/2016 621.38418,BRO MCS6418 12/08/2016 12/12/2016 Book Almirah No.39, Shelf No.1
          Military College of Signals (MCS) Military College of Signals (MCS)   12/12/2016 621.384152,BRO MCS6419 12/08/2016 12/12/2016 Book Almirah No.39, Shelf No.1
          Military College of Signals (MCS) Military College of Signals (MCS) General Stacks 12/12/2016 621.384152,BRO MCS6886 12/08/2016 12/12/2016 Book Almirah No.84, Shelf No.3
© 2023 Central Library, National University of Sciences and Technology. All Rights Reserved.